Некоторые вопросы экспериментального исследования и расчета волноводов с периодическими структурами: Диссертация на соискание ученой степени кандидата технических наук

Dettagli Bibliografici
Autore principale: Госьков П. И.
Ente Autore: Томский политехнический институт (ТПИ) Научно-исследовательский институт ядерной физики, электроники и автоматики (НИИ ЯФЭА)
Altri autori: Диденко А. Н. (научный руководитель)
Lingua:russo
Pubblicazione: Томск, 1965
Soggetti:
Natura: MixedMaterials Libro
KOHA link:https://koha.lib.tpu.ru/cgi-bin/koha/opac-detail.pl?biblionumber=145903

MARC

LEADER 00000nbm0a2200000 4500
001 145903
005 20231031144403.0
035 |a (RuTPU)RU\TPU\book\158152 
090 |a 145903 
100 |a 20081023d1965 k y0rusy50 ca 
101 0 |a rus 
102 |a RU 
105 |a a m 001zy 
200 1 |a Некоторые вопросы экспериментального исследования и расчета волноводов с периодическими структурами  |e Диссертация на соискание ученой степени кандидата технических наук  |f П. И. Госьков  |g Томский политехнический институт (ТПИ), Научно-исследовательский институт ядерной физики, электроники и автоматики (НИИ ЯФЭА) ; науч. рук. А. Н. Диденко 
210 |a Томск  |d 1965 
215 |a 179 л.  |c ил. 
320 |a Библиогр.: с. 171-176 (114 назв.) 
610 1 |a диссертации 
610 1 |a волноводы 
610 1 |a периодические структуры 
610 1 |a экспериментальное исследование 
610 1 |a расчет 
610 1 |a измерение 
610 1 |a широкодиапазонные установки 
610 1 |a электродинамические характеристики 
610 1 |a штыревые структуры 
610 1 |a безжелезные синхротроны 
610 1 |a диэлектрики 
675 |a 539.1.076.6(04)  |v 3 
700 1 |a Госьков  |b П. И. 
702 1 |a Диденко  |b А. Н.  |4 727 
712 0 2 |a Томский политехнический институт (ТПИ)  |b Научно-исследовательский институт ядерной физики, электроники и автоматики (НИИ ЯФЭА)  |c (1958-1975)  |2 stltpush  |3 (RuTPU)RU\TPU\col\12423 
801 1 |a RU  |b 63413507  |c 20081023  |g PSBO 
942 |c BK